| 000 | 00692nam a2200253Ia 4500 | ||
|---|---|---|---|
| 003 | OSt | ||
| 005 | 20220918174222.0 | ||
| 006 | a|||||r|||| 00| 0 | ||
| 007 | ta | ||
| 008 | 220917b |||||||| |||| 00| 0 eng d | ||
| 024 | _a11,172 | ||
| 037 | _cTextual | ||
| 040 |
_aARTS _cARTS _beng |
||
| 041 |
_2eng _aeng |
||
| 082 | _aMC5e, J7 | ||
| 100 |
_aTexereau Jean _949572 |
||
| 245 | 0 | _aHow to make a telescope | |
| 260 |
_aNew York _bInterscience publishers, Inc. _c1957 |
||
| 300 |
_a191 _ccm. |
||
| 650 | _aINDUSTRIAL ARTS | ||
| 700 |
_a Strickler Allen Tr. _949573 |
||
| 942 |
_hMC5e, J7 _cTEXL _2CC |
||
| 999 |
_c152287 _d152287 |
||